000 01141nam a2200301 i 4500
001 bg
003 BPK
005 20210701095126.0
008 981112s1998 pl a f f |000 0 pol
015 _aPB 1998/14690
020 _a8387038288
040 _aWA N
_cBPK
041 0 _apol
080 _a657
080 _a658.14/17
080 _a(07)
245 0 0 _aRachunkowość :
_bzasady prowadzenia w jednostkach gospodarczych : według polskiego prawa bilansowego : praca zbiorowa.
_nCz. 1 /
_cpod red. Teresy Kiziukiewicz ; [aut. rozdz. Waldemar Gos et al.].
250 _aWyd. 4 uzup. i popr.
260 _aWrocław :
_b"Ekspert",
_c1998.
300 _a378, [2] s. :
_b2 faks., 1 wykr. ;
_c24 cm.
650 4 _aRachunkowość
655 4 _aPodręcznik
700 1 _aGos, Waldemar
_d(1964- )
_eAutor
_6Autor
710 2 _a Ekspert Wydawnictwo i Doradztwo z Zakresu Rachunkowości i Finansów, Marian Pałka
_4pbl.
700 1 _aKiziukiewicz, Teresa
_d(1947- )
_eRedakcja
856 _uhttp://koha.tu.koszalin.pl/cgi-bin/koha/opac-detail.pl?biblionumber=34368
_yKAtalog online BPK
942 _2UKD
_cKS
999 _c34368
_d34368